AFL Brownlow Medal Winners - Statistics

General Stats
  • This quiz has been taken 8 times
  • The average score is 12 of 14
Answer Stats
Year Votes Player % Correct
2020 31 Lachie Neale
100%
2023 31 Lachie Neale
100%
2025 39 Matt Rowell
100%
2022 29 Patrick Cripps
100%
2024 45 Patrick Cripps
100%
2017 46 Dustin Martin
86%
2015 31 Nat Fyfe
86%
2019 33 Nat Fyfe
86%
2021 36 Ollie Wines
86%
2016 35 Patrick Dangerfield
86%
2014 26 Matt Priddis
71%
2012 26 Sam Mitchell|Trent Cotchin
71%
2018 28 Tom Mitchell
71%
2013 28 Gary Ablett Jr
57%
No matching quizzes found
Score Distribution
Percent of People with Each Score
Percentile by Number Answered
Your Score History
You have not taken this quiz